000 00665nam a2200229 i 4500
001 C2-0243820
003 PPAK
005 20180727205337.0
008 021112s1962 pk |||| ||||| | eng d
040 _aPPAK
_beng
_cPPAK
_erda
082 0 4 _a650.14
_223
090 0 0 _a650.14
_bAHM
_dKSA
100 1 _aAhmad, Hazrat Mirza Ghulam,
_eauthor
245 1 0 _aHow to get :
_brid of the bondage of sin
264 1 _aPakistan :
_bThe Ahmadiyya Muslim Foreign Missions ,
_c1962
300 _a61 pages ;
_c18 cm
336 _2rdacontent
_atext
337 _2rdamedia
_aunmediated
338 _2rdacarrier
_avolume
650 1 0 _aApplications for positions
942 _ddc
_cB
999 _c58241
_d58241